You were my crush till you said you love me (Record no. 189619)

000 -LEADER
fixed length control field 00418nam a2200145Ia 4500
008 - FIXED-LENGTH DATA ELEMENTS--GENERAL INFORMATION
fixed length control field 220405s9999||||xx |||||||||||||| ||und||
020 ## - INTERNATIONAL STANDARD BOOK NUMBER
International Standard Book Number 9780143421559
082 ## - DEWEY DECIMAL CLASSIFICATION NUMBER
Classification number 823 DAT
100 ## - MAIN ENTRY--PERSONAL NAME
Personal name Datta, Durjoy and Ghai, Orvana
9 (RLIN) 10574
245 #0 - TITLE STATEMENT
Title You were my crush till you said you love me
260 ## - PUBLICATION, DISTRIBUTION, ETC.
Place of publication, distribution, etc. Penguin books
Name of publisher, distributor, etc. Haryana
Date of publication, distribution, etc. 2013
300 ## - PHYSICAL DESCRIPTION
Extent 215p.
Other physical details Rs.175
650 ## - SUBJECT ADDED ENTRY--TOPICAL TERM
Topical term or geographic name entry element GENERAL BOOKS
942 ## - ADDED ENTRY ELEMENTS (KOHA)
Koha item type
Holdings
Withdrawn status Lost status Source of classification or shelving scheme Damaged status Not for loan Collection code Home library Current library Date acquired Total Checkouts Total Renewals Full call number Barcode Date last seen Date last checked out Price effective from Koha item type
          Humanity Science Central Library Central Library 04/05/2022 7 1 823 DAT SP12 07/19/2023 07/05/2023 04/05/2022 Special collection books

Powered by Koha